00728nam a2200205 a 450000100060000000300080000600500170001400800410003103500420007204000270011404100080014108200240014910000390017324501100021226000520032230000280037450400510040265000470045365000220050032653BD-RjUL20211209051855.0140427s1973 pk b 001 0 eng d a(BD-RjUL)32743a(UkLCURL)e30010622093 aDLCbengcDLCdBD-RjUL aeng00a297.4bANQ V-1 19731 aAnsari, Muḥammad Fazl al-Rahman.14aThe Qurʹanic foundations and structure of Muslim society /cby Muhammad Fazl-ur-Rahman Ansari.nVolume I aKarachi :bIndus Educational Foundation,c1973. axviii, 425 p. ;c22 cm. aIncludes bibliographical references and index. 0aReligious lifexIslamxQurʼanic teaching. 0aIslamxDoctrines.